000 00704cam a2200217 4500
001 WB3603-29
008 000000n2000 000 0 eng u
035 _a(Sirsi) u103698
245 _aShortage of land in Scotland
260 _c2000
490 _aFarmers' Weekly
_v132(2) 14 January 2000, 78(1)
520 _aFigures released by FPD Savills suggest that there was a 25% decrease in units for sale in 1999, compared to 1998, a trend which is pushing prices up close to their 1997 peak.
590 _aWB
650 _aFARMLAND VALUES
650 _aLAND SUPPLY
650 _aFPD SAVILLS
650 _aSCOTLAND
650 _aSURVEYS
690 _aRURAL-AGRICULTURE AND FORESTRY
942 _n0
999 _c62274
_d62274